=LDR 00000nam 2200000 4500 =001 INLIS000000000051289 =005 20170911022558 =035 ##$$a 0010-0917000093 =007 ta =008 170911###########################0###### =082 ##$$a 657.458 =084 ##$$a 657.458 Tun d =245 ##$$a Dasar Dasar pemeriksaan Operasional =260 ##$:$b Rineka Cipta,$c 1997 =300 ##$$a 146 hlm. =990 ##$$a 1053310533 =990 ##$$a 01201710533